000
00238nam a2200097Ia 4500
001
685042
005
20250826161510.0
008
250824s9999 xx 000 0 und d
245
0
_a
KAFES/S.İLERİ/EVEREST
_c
SELİM İLERİ
260
_b
EVEREST
999
_c
685042
_d
685042